Művész-szerepek

Elmentve itt :
Bibliográfiai részletek
Szerző: Wessely Anna
Adatforrás:Philobibl
Forrásdokumentuma:Korunk
21.2010:5. p. 7-15.
Dokumentumtípus: Cikk
Nyelv:magyar
Kulcsszavak:művészetelmélet
művész
attitűd
identitás
LEADER 00367nab a2200145 c 4500
001 bibPHI0037974
005 20200924123915.5
008 100520s2010 rm hun
100 1 |a Wessely Anna 
245 1 0 |a Művész-szerepek  |c Wessely Anna 
695 |a művészetelmélet 
695 |a művész 
695 |a attitűd 
695 |a identitás 
773 0 |t Korunk  |g 21.2010:5. p. 7-15.